000 00777nam a22002177a 4500
999 _c19408
_d19408
003 AR-CdUCM
008 190517b ||||| |||| 00| 0 spa d
040 _aMUNICIPALIDAD PROVINCIAL DEL CUSCO
_cBIBLIOTECA MUNICIPAL DEL CUSCO
082 _a631.4 /
_bB23
100 _aMarco Baró, Lorenzo.
_940733
245 _aManual de tierras y fertilizantes /
260 _aBarcelona :
_bAedos,
_c1963.
300 _a222 páginas ;
_c21 cm.
440 _aBiblioteca agrícola Aedos.
_n19.
_940734
500 _aPremio agrícola Aedos.
505 _aContenido : El suelo agrícola -- Las arcillas -- El calcio en el suelo -- Materias incorporadas al suelo agrícola ...
650 _aAgricultura.
_9320
650 _aSuelos.
_919092
942 _2ddc
_cLIBROS
945 _arum
_d2019-05-17